| 000 | 01032nam a22003257a 4500 | ||
|---|---|---|---|
| 003 | CHAP | ||
| 005 | 20220329140600.0 | ||
| 008 | 971013s1965 r 00010 d | ||
| 010 | _a54273 | ||
| 011 | _a55245 | ||
| 035 | _a59397 | ||
| 040 | _cCHAP | ||
| 082 |
_a621.01 _bV35 |
||
| 100 | 0 | 0 |
_aVan Wylen, Gordon J. _9117830 |
| 245 | _aFundamentals of classical thermodynamics | ||
| 260 |
_aNew York : _bWiley, _c1965 |
||
| 300 |
_a635 p. _b: ilus. |
||
| 490 | _aSeries in thermal and transport sciences | ||
| 590 |
_aBATCH-UPD _b10 _c20130110 _lUCH01 _h0522 |
||
| 590 |
_aBATCH-UPD _b10 _c20130110 _lUCH01 _h2321 |
||
| 590 |
_aBATCH-UPD _b10 _c20130410 _lUCH01 _h0201 |
||
| 590 |
_aBATCH-UPD _b10 _c20130914 _lUCH01 _h2030 |
||
| 590 |
_aCONVERSION _b10 _c20130109 _lUCH01 _h1329 |
||
| 650 | 1 | 4 |
_aTermodinámica. _9112366 |
| 700 | 0 |
_aSonntag, Richard E. _9108576 |
|
| 830 | 0 |
_aSeries in thermal and transport sciences _9105141 |
|
| 901 | _aBK | ||
| 942 | _cLIBRO | ||
| 949 |
_a621.01 V35 _bBC _cLIBRO _d33724000014916 _eLIBRO _h82 _i59397 _si |
||
| 999 |
_c54273 _d54273 |
||